[Event "2nd Polugaevsky Mem"]
[Site "Samara RUS"]
[Date "2012.07.12"]
[Round "8.22"]
[White "Shomoev,A"]
[Black "Mirzaev,A2"]
[Result "1/2-1/2"]
[WhiteElo "2582"]
[BlackElo "2154"]

1.d4 Nf6 2.c4 e6 3.Nf3 Bb4+ 4.Bd2 Bxd2+ 5.Qxd2 d5 6.g3 O-O 7.Bg2 c6 8.O-O Ne4
9.Qc2 Nd7 10.Rd1 a5 11.Nbd2 f5 12.Rac1 Qe8 13.Ne1 Qh5 14.Nd3 Ndf6 15.f3 Ng5
16.Nf4 Qh6 17.Nb3 Nh5 18.Qd2 Nxf4 19.gxf4 Nf7 20.Kh1 Nd6 21.Nxa5 Nxc4 22.Nxc4 dxc4
23.Ra1 Ra4 24.Qc2 b5 25.e3 Bd7 26.b3 Ra3 27.Re1 cxb3 28.axb3 Qh4 29.Rec1 Qe7
30.Rxa3 Qxa3 31.Qc3 Ra8 32.e4 Qd6 33.Qe3 Rf8 34.Rf1 Be8 35.exf5 exf5 36.Qe5 Qd7
37.d5 Qxd5 38.Qxd5+ cxd5 39.Rc1 Bf7 40.b4  1/2-1/2

[Event "2nd Science Park Open A"]
[Site "Amsterdam NED"]
[Date "2012.07.14"]
[Round "1"]
[White "Van Zetten,M"]
[Black "Hungaski,R"]
[Result "0-1"]
[WhiteElo "2027"]
[BlackElo "2488"]

1.d4 Nf6 2.Nf3 e6 3.c4 Bb4+ 4.Bd2 a5 5.g3 d6 6.Bg2 Nbd7 7.O-O e5 8.Nc3 O-O
9.a3 Bxc3 10.Bxc3 exd4 11.Bxd4 a4 12.Re1 Re8 13.Qc2 Ne4 14.Nd2 Nec5 15.Bxc5 Nxc5
16.Ne4 Bf5 17.f3 Bxe4 18.fxe4 Qg5 19.e3 Re5 20.Rad1 Rae8 21.Rd5 h5 22.Rxc5 dxc5
23.Qxa4 h4 24.gxh4 Qxh4 25.Rf1 Rd8 26.Qc2 Rd6 27.Qe2 Rh5 28.Bf3 Qg5+ 29.Kh1 Rh3
30.e5 Qxe5 31.Bd5 Rdh6 32.Bxf7+ Kh8 33.Rf2 Rxe3 34.Qg4 Re1+  0-1

[Event "St. Pauli Open 2012"]
[Site "Hamburg GER"]
[Date "2012.07.14"]
[Round "8.1"]
[White "Ghaem Maghami,E"]
[Black "Huschenbeth,N"]
[Result "1/2-1/2"]
[WhiteElo "2577"]
[BlackElo "2521"]

1.Nf3 Nf6 2.c4 e6 3.d4 Bb4+ 4.Bd2 c5 5.Bxb4 cxb4 6.Qd3 d6 7.e4 O-O 8.Nbd2 Qc7
9.a3 bxa3 10.Qxa3 Nbd7 11.g3 b6 12.Bg2 Bb7 13.Qe3 e5 14.O-O Rfe8 15.Rfe1 a5
16.h3 Nf8 17.Kh2 Ne6 18.Rac1 Rad8 19.d5 Nc5 20.Nh4 Bc8 21.Nb1 Qe7 22.Nc3 g6
23.Nf3 Nh5 24.Nd2 f5 25.exf5 gxf5 26.Qh6 Qf7 27.Nb5 Qg6 28.Qxg6+ hxg6 29.Bf1 Kg7
30.Rb1 Na6 31.Be2 Nf6 32.f4 exf4 33.gxf4 Ne4 34.Nxe4 Rxe4 35.Kg3 Nc5 36.Nc3 Re3+
37.Bf3 Rde8 38.Rxe3 Rxe3 39.Kf2 Re8 40.Nb5 Rd8 41.Ke3 Ba6 42.b4 axb4 43.Rxb4 Bxb5
44.Rxb5 Nd7 45.Rb3 Ra8 46.Kf2 Ra2+ 47.Be2 Kf6 48.h4 Ra8  1/2-1/2

[Event "Int Open ch-SVK 2012"]
[Site "Banska Stiavnica SVK"]
[Date "2012.07.15"]
[Round "9.6"]
[White "Biolek,R1"]
[Black "Sipos,I"]
[Result "1-0"]
[WhiteElo "2404"]
[BlackElo "2463"]

1.d4 Nf6 2.c4 e6 3.Nf3 Bb4+ 4.Bd2 c5 5.Bxb4 cxb4 6.e3 O-O 7.Bd3 d6 8.O-O Nc6
9.Nbd2 e5 10.Qc2 Bg4 11.b3 Bxf3 12.Nxf3 Qe7 13.Ng5 g6 14.d5 Nb8 15.f4 Nbd7
16.Rae1 Nc5 17.Qd2 Nfd7 18.Ne4 Nxe4 19.Bxe4 a5 20.f5 Qh4 21.Bc2 Kg7 22.Rf3 Rae8
23.Ref1 h5 24.f6+ Kh7 25.e4 Rh8 26.Rh3 Qg4 27.Rg3 Qh4 28.Rh3 Qg4 29.Bd1 Qxe4
30.Rxh5+ gxh5 31.Bc2 Qxc2 32.Qxc2+ e4 33.Rf4 Nc5 34.Qe2 Re5 35.Qe3 Rg8 36.h3 Rg6
37.g4 Kg8 38.Kh2 Reg5 39.Kg3 b6 40.Kh4 hxg4 41.Rxg4 Rxg4+ 42.hxg4 Rxf6 43.Qg5+ Rg6
44.Qe7 Kg7 45.g5 Ne6 46.Qxd6 Nxg5 47.Qe5+ Kg8 48.Qe8+ Kg7 49.Kg3 Ne6+ 50.Kf2 Nc5
51.Qe5+ Kg8 52.Qe8+ Kg7 53.Qe5+ Kg8 54.Ke3 Rh6 55.Qg5+ Rg6 56.Qe5 Rh6 57.d6 Rh3+
58.Ke2 Rd3 59.Qg5+ Kh7 60.Qh5+ Kg7 61.Qg5+ Kh7 62.Qf6 Kg8 63.Qd8+ Kg7 64.Qxb6 Ne6
65.Qg1+ Kf6 66.Qf1+ Ke5 67.Qxf7 Nd4+ 68.Ke1 Re3+ 69.Kd1 Rd3+ 70.Ke1 Re3+
71.Kd1 Rd3+ 72.Kc1 Ne2+ 73.Kc2 Nd4+ 74.Kc1 Ne2+ 75.Kb1 Kd4 76.Qd5+ Ke3 77.Qg5+ Kf2
78.d7 Ke1 79.d8=Q Kd1 80.Qdf6 Nc3+ 81.Ka1 Rd2 82.Qf1+ Kc2 83.Qe3 a4 84.bxa4  1-0

[Event "27th Gniota Memorial"]
[Site "Police POL"]
[Date "2012.07.15"]
[Round "5.15"]
[White "Kuciel,W"]
[Black "Przybylska,Agata"]
[Result "1/2-1/2"]
[WhiteElo "2002"]
[BlackElo "1651"]

1.Nf3 Nf6 2.c4 e6 3.d4 Bb4+ 4.Bd2 Bxd2+ 5.Qxd2 b6 6.g3 Bb7 7.Bg2 d6 8.O-O O-O
9.Re1 Nbd7 10.Nc3 c5 11.e4 cxd4 12.Nxd4 Ne5 13.b3 Qe7 14.Rad1 Rfd8 15.f4 Ng6
16.Qf2 a6 17.h3 e5 18.Nf5 Qc7 19.Rd3 exf4 20.gxf4 Qc5 21.Ne3 b5 22.cxb5 axb5
23.b4 Qb6 24.Red1 Nh5 25.e5 Bxg2 26.Rxd6 Rxd6 27.Rxd6 Bc6 28.Ncd5 Qb7 29.Qd2 Nhxf4
30.Nxf4 Nxf4 31.Nf5 Ne6 32.Rxc6 g6 33.Qg2 Kf8 34.Nd6 Qa7+ 35.Kh1 Qd4 36.Rc1 Rd8
37.Rf1 Rd7 38.Qc6 Nf4 39.Rxf4 Qxf4 40.Qxd7 Qf1+  1/2-1/2

[Event "FSGM July 2012"]
[Site "Budapest HUN"]
[Date "2012.07.16"]
[Round "9.1"]
[White "Flumbort,A"]
[Black "Ilincic,Z"]
[Result "1/2-1/2"]
[WhiteElo "2503"]
[BlackElo "2441"]

1.d4 Nf6 2.c4 e6 3.Nf3 Bb4+ 4.Bd2 c5 5.Bxb4 cxb4 6.g3 O-O 7.Bg2 d6 8.O-O a5
9.Nbd2 Re8 10.e4 e5 11.h3 Nc6 12.d5 Nb8 13.a3 Na6 14.Ne1 Qb6 15.Nd3 Nd7  1/2-1/2

[Event "ch-SUI Hauptturnier 1 2012"]
[Site "Flims SUI"]
[Date "2012.07.17"]
[Round "6"]
[White "Moor,O"]
[Black "Sokolov,And1"]
[Result "1/2-1/2"]
[WhiteElo "2371"]
[BlackElo "2573"]

1.d4 Nf6 2.c4 e6 3.Nf3 Bb4+ 4.Bd2 a5 5.g3 b6 6.Bg2 Bb7 7.O-O O-O 8.Bg5 Be7
9.Nc3 Ne4 10.Nxe4 Bxe4 11.Bxe7 Qxe7 12.Ne1  1/2-1/2

[Event "XXI TCh-MKD 2012"]
[Site "Struga MKD"]
[Date "2012.07.18"]
[Round "3.4"]
[White "Hadzi Manev,L"]
[Black "Dinev,De"]
[Result "1/2-1/2"]
[WhiteElo "2089"]
[BlackElo "2354"]

1.d4 Nf6 2.c4 e6 3.Nf3 Bb4+ 4.Bd2 Be7 5.Nc3 d5 6.e3 O-O 7.Qc2 b6 8.Be2 Bb7
9.O-O Nbd7 10.Rad1 Rc8 11.Qb1 c5 12.cxd5 exd5 13.Bd3 g6 14.Bc2 Re8 15.Rfe1 Bd6
16.h3 Qe7 17.Re2 Bb8 18.Be1 a6 19.a4 Bc6 20.e4 dxe4 21.d5 Bb7 22.Bxe4 Nxe4
23.Qxe4 Qxe4 24.Rxe4 Rxe4 25.Nxe4 Re8 26.Nc3 Bd6 27.Bd2 Nf6 28.Bh6 Bc8 29.g4 Bd7
30.Kg2 Ne4 31.Nxe4 Rxe4 32.b3 f5 33.Ng5 Rd4 34.Rxd4 cxd4 35.f3 Bc8 36.Ne6 d3
37.Kf2 Bb7 38.Nf4 Bc5+ 39.Ke1 Be3 40.Bg5 fxg4 41.fxg4 a5 42.h4 d2+ 43.Kd1 h6
44.Bxh6 Bc8 45.Bg5 Bxg4+ 46.Ne2 Bxg5 47.hxg5 Bf3 48.d6 Kf7 49.Kxd2  1/2-1/2

[Event "7th Nana Aleksandria Cup"]
[Site "Poti GEO"]
[Date "2012.07.19"]
[Round "7.1"]
[White "Nigalidze,G"]
[Black "Quparadze,G"]
[Result "0-1"]
[WhiteElo "2441"]
[BlackElo "2459"]

1.d4 Nf6 2.c4 e6 3.Nf3 Bb4+ 4.Bd2 c5 5.Bxb4 cxb4 6.Qd3 d6 7.e4 O-O 8.Be2 b6
9.O-O Bb7 10.Nbd2 a5 11.e5 dxe5 12.Nxe5 Nc6 13.Ndf3 Rc8 14.Rad1 Ne7 15.Nh4 Qc7
16.Qe3 Rcd8 17.Bd3 g6 18.Rfe1 Kg7 19.Bb1 Nc6 20.f4 Rd6 21.Rd2 Rfd8 22.Red1 Ne7
23.g4 Ba8 24.h3 Qb7 25.Nhf3 Nd7 26.Rf1 Nf6 27.Kh2 Nc6 28.Rg1 Qc7 29.Rgd1 Ng8
30.g5 Nce7 31.b3 Qb7 32.Rg1 h5 33.Re1 Qc7 34.Red1 Nc6 35.Be4 Nce7 36.Bc2 Nc6
37.Kg3 Nge7 38.Kh2 Nxe5 39.fxe5 R6d7 40.Be4 Bxe4 41.Qxe4 b5 42.d5 Qb7 43.Qf4 Nf5
44.Nd4 bxc4 45.bxc4 Nxd4 46.Rxd4 exd5 47.Qf3 a4 48.Rxd5 Rxd5 49.cxd5 Qc7
50.d6 Qc2+ 51.Kg3 Rd7 52.Rd4 Qc1 53.Qf4 Qg1+ 54.Kf3 b3 55.axb3 axb3 56.Rb4 Qd1+
57.Kg3 Qe1+ 58.Kf3 Qc3+ 59.Kf2 Ra7 60.Re4 b2 61.Rb4 Qc2+ 62.Kg3 b1=Q  0-1

[Event "7th Nana Aleksandria Cup"]
[Site "Poti GEO"]
[Date "2012.07.19"]
[Round "8.5"]
[White "Kalashian,D"]
[Black "Purtseladze,M"]
[Result "1-0"]
[WhiteElo "2408"]
[BlackElo "2348"]

1.d4 Nf6 2.c4 e6 3.Nf3 Bb4+ 4.Bd2 a5 5.Nc3 d5 6.e3 b6 7.cxd5 exd5 8.Bb5+ c6
9.Be2 O-O 10.O-O Ba6 11.Rc1 Bxe2 12.Nxe2 Ne4 13.Ng3 Nxd2 14.Nxd2 g6 15.Nf3 f6
16.Qb3 Kg7 17.Rfd1 Re8 18.Qd3 Ra7 19.h4 Bd6 20.Ne2 Qd7 21.g3 Qh3 22.Nf4 Bxf4
23.exf4 Rae7 24.Re1 Rxe1+ 25.Rxe1 Rxe1+ 26.Nxe1 Qe6 27.Nf3 h5 28.Kg2 Kf7
29.a3 Qd7 30.Qb3 Qb7 31.f5 gxf5 32.Qe3 Kg7 33.Qe8 c5 34.Ne1 Nc6 35.Nd3 Qe7
36.Qxe7+ Nxe7 37.dxc5 bxc5 38.Nxc5 Nc6 39.Ne6+ Kh6 40.b3 Ne5 41.Nd4 Kg6 42.f4 Nd3
43.Nc6 Ne1+ 44.Kf2 Nc2 45.a4 Kf7 46.Ke2 Ke6 47.Nxa5 Kd6 48.Kd2 Nb4 49.Kc3 Na2+
50.Kd4 Nc1 51.b4 Ne2+ 52.Kd3 Nxg3 53.Nb3 Ne4 54.Nd4 Nf2+ 55.Ke2 Ne4 56.Nxf5+ Ke6
57.Nd4+ Kd6 58.Ke3 Kc7 59.Ne6+ Kd6 60.Ng7 Nc3 61.a5 Na2 62.b5 Kc5 63.b6 d4+
64.Kd2 Nb4 65.Nxh5 Nc6 66.Nxf6 Nxa5 67.h5  1-0

[Event "16th Battle of Senta Open A"]
[Site "Senta SRB"]
[Date "2012.07.19"]
[Round "7.13"]
[White "Dimic,P"]
[Black "Pezelj,N"]
[Result "1-0"]
[WhiteElo "2116"]
[BlackElo "2327"]

1.d4 Nf6 2.Nf3 e6 3.c4 Bb4+ 4.Bd2 Be7 5.Nc3 d5 6.Bg5 O-O 7.e3 Nbd7 8.Rc1 Re8
9.Bd3 dxc4 10.Bxc4 a6 11.Qc2 c5 12.dxc5 Nxc5 13.O-O b5 14.Be2 Bb7 15.Rfd1 Qa5
16.Nd2 Rac8 17.Qb1 b4 18.Nc4 Qc7 19.Bf4 e5 20.Bxe5 Qc6 21.Bf3 Qe6 22.Bxb7 Nxb7
23.Bxf6 bxc3 24.Bxe7 Rxc4 25.Ba3 cxb2 26.Rxc4 Qxc4 27.Qxb2 Qa4 28.Rd4 Qc6
29.h3 h6 30.Rg4 f6 31.Qb3+ Re6 32.Rc4 Qd7 33.Re4 Nd8 34.Rd4  1-0

[Event "XXI TCh-MKD 2012"]
[Site "Struga MKD"]
[Date "2012.07.19"]
[Round "4.4"]
[White "Rusev,K"]
[Black "Gjorgjieski,D"]
[Result "1-0"]
[WhiteElo "2540"]
[BlackElo "2220"]

1.d4 Nf6 2.c4 e6 3.Nf3 Bb4+ 4.Bd2 a5 5.g3 O-O 6.Bg2 d6 7.O-O Bxd2 8.Qxd2 Qe7
9.Nc3 Re8 10.Rac1 Nbd7 11.Rfd1 Nb6 12.Nb5 c6 13.Nxd6 Qxd6 14.c5 Qd8 15.cxb6 Qxb6
16.Ne5 Rd8 17.g4 Nd7 18.Nc4 Qc7 19.Qe3 Nb6 20.Qe5 Nd5 21.g5 f6 22.gxf6 gxf6
23.Qg3+ Kh8 24.e3 Rg8 25.Qxc7 Nxc7 26.Kf1 Nd5 27.Nd6 Ra7 28.Bf3 Bd7 29.Ke2 Be8
30.h4 Ne7 31.Rg1 Rf8 32.Bg4 f5 33.Bf3 Nd5 34.Nc4 Ra8 35.Ne5 a4 36.a3 Ra5
37.Rc5 Ra6 38.Kd2 Rg8 39.Rxg8+ Kxg8 40.Bd1 Nf6 41.Rc4 b5 42.Rc1 Rb6 43.Bf3 Nd5
44.Bxd5 exd5 45.Kc3 b4+ 46.axb4 Ra6 47.Ra1 f4 48.Ra3  1-0

[Event "23rd Czech Open A"]
[Site "Pardubice CZE"]
[Date "2012.07.20"]
[Round "1.25"]
[White "Votava,J"]
[Black "Vlasak,Lu"]
[Result "1-0"]
[WhiteElo "2520"]
[BlackElo "2274"]

1.d4 Nf6 2.Nf3 e6 3.c4 Bb4+ 4.Bd2 c5 5.g3 O-O 6.Bg2 d6 7.O-O Nc6 8.Be3 cxd4
9.Nxd4 Nxd4 10.Bxd4 e5 11.Bc3 Bc5 12.Nd2 Qc7 13.Rc1 a5 14.Qc2 Be6 15.Ne4 Nxe4
16.Qxe4 Rab8 17.b3 f5 18.Qd3 e4 19.Qd2 b6 20.e3 Rbd8 21.Rfd1 d5 22.cxd5 Rxd5
23.Qb2 Rfd8 24.Rxd5 Rxd5 25.Bf1 Qd7 26.a3 Rd1 27.Rxd1 Qxd1 28.Bxg7 Qxb3 29.Qf6 Qd5
30.Qg5 Qd7 31.Be5+ Kf8 32.Qh6+ Kg8 33.Qf6 Bf8 34.Qh8+ Kf7 35.Qxh7+ Ke8 36.Qh5+ Bf7
37.Qh8 Be6 38.Bd4 Qd6 39.a4 Bd7 40.h4  1-0

[Event "XXI TCh-MKD 2012"]
[Site "Struga MKD"]
[Date "2012.07.20"]
[Round "5.3"]
[White "Mitkov,M"]
[Black "Semsiu,Agim"]
[Result "1-0"]
[WhiteElo "2314"]
[BlackElo "2005"]

1.d4 Nf6 2.Nf3 e6 3.c4 Bb4+ 4.Bd2 Bxd2+ 5.Qxd2 b6 6.Nc3 Bb7 7.d5 Qe7 8.g3 e5
9.e4 d6 10.Bg2 Nbd7 11.O-O a5 12.Ne1 Nc5 13.Nd3 Nfd7 14.b3 O-O 15.Rae1 Nxd3
16.Qxd3 Nc5 17.Qd2 f6 18.f4 Bc8 19.f5 g5 20.h4 h6 21.Bf3 Kg7 22.Re2 Bd7 23.Rh2 Rh8
24.Bd1 Rag8 25.hxg5 hxg5 26.Rff2 Qe8 27.a3 Rxh2 28.Rxh2 Rh8 29.b4 Rxh2 30.Kxh2 Nb7
31.Kg1 Qh8 32.Qh2 Qxh2+ 33.Kxh2 Kh6 34.Kg2 Be8 35.Kf2 Kg7 36.Ke3 Kf8 37.Kd2 Ke7
38.Be2 axb4 39.axb4 Nd8 40.Bd1 Bd7 41.Bh5 Be8 42.Bxe8 Kxe8 43.Kc2 Kd7 44.Kb3 Nf7
45.Nd1 Nd8 46.Ne3 Nf7 47.Ng4 Ke7 48.Ka4 Nd8 49.Kb5 Kf7 50.Ka6 Ke7 51.Ka7  1-0

[Event "27th Avoine Open"]
[Site "Avoine FRA"]
[Date "2012.07.21"]
[Round "1.4"]
[White "Bodicker,R"]
[Black "Inkiov,V"]
[Result "0-1"]
[WhiteElo "2070"]
[BlackElo "2460"]

1.d4 Nf6 2.c4 e6 3.Nf3 Bb4+ 4.Bd2 Qe7 5.Nc3 O-O 6.Qc2 d6 7.a3 Bxc3 8.Bxc3 Nbd7
9.g3 e5 10.dxe5 dxe5 11.Bg2 Re8 12.e3 e4 13.Nd2 Nc5 14.O-O Bf5 15.Nb3 Nd3
16.Nd4 Bg6 17.Ne2 Ng4 18.Nf4 Nxf4 19.gxf4 Qh4 20.h3 Nh6 21.Qe2 Bf5 22.Kh2 Bg4
23.Qe1 Qh5 24.Rh1 Re6 25.Kg1 Bf3 26.Bxf3 Qxf3 27.Rh2 Rg6+ 28.Kf1 Nf5  0-1

[Event "23rd Czech Open A"]
[Site "Pardubice CZE"]
[Date "2012.07.21"]
[Round "2.15"]
[White "Petr,Ma"]
[Black "Sagit,R"]
[Result "1/2-1/2"]
[WhiteElo "2525"]
[BlackElo "2367"]

1.d4 Nf6 2.Nf3 e6 3.c4 Bb4+ 4.Bd2 c5 5.Nc3 O-O 6.g3 cxd4 7.Nxd4 Nc6 8.Nc2 d5
9.Nxb4 Nxb4 10.cxd5 exd5 11.Bg2 d4 12.Ne4 Nxe4 13.Bxb4 Re8 14.O-O Bf5 15.Rc1 Qd7
16.f3 Nf6 17.Bc5 Red8 18.e4 dxe3 19.Qxd7 Bxd7 20.Bxe3 Bc6 21.Rfd1 Re8 22.Re1 a6
23.Kf2 h6 24.Bd4 Rad8 25.Rxe8+ Nxe8 26.Be3 Nf6 27.Bf1 Rd6 28.Bf4 Re6 29.Bh3 Re8
30.Bd2 Rd8 31.Be1 Rd3 32.Bg2 Rd8 33.Bf1 Rd6 34.Be2 Nd7 35.Rd1 Rxd1 36.Bxd1 Bd5
37.b3 Ne5 38.Ke3 Nc6 39.Be2 f6 40.h4 Kf7 41.g4 Ke7 42.Bc3 a5 43.Bd3 a4 44.bxa4 Bxa2
45.h5 Kd6 46.f4 Ke7 47.g5 Bf7 48.g6 Bb3 49.a5 Bd1 50.Be4 Ba4 51.Bd5 Kd7 52.Bf3 Bb5
53.Bg4+ Kd8 54.Be6 Ba6 55.Bb2 Bb5 56.Ba3 Ne7 57.Bc5 Bd7 58.Bb6+ Kc8 59.Bc4 Bg4
60.Ke4 Bf5+ 61.Kd4 Bg4 62.Bc5 Nc6+ 63.Ke4 f5+ 64.Ke3 Kd7 65.Bf7 Bxh5 66.Bf8 Nd8
67.Bxg7 Nxf7 68.gxf7 Bxf7 69.Bxh6  1/2-1/2

[Event "27th Avoine Open"]
[Site "Avoine FRA"]
[Date "2012.07.22"]
[Round "2.9"]
[White "Nabavi,P"]
[Black "Song,Ju"]
[Result "1/2-1/2"]
[WhiteElo "2164"]
[BlackElo "2398"]

1.d4 Nf6 2.Nf3 e6 3.c4 Bb4+ 4.Bd2 a5 5.a3 Bxd2+ 6.Qxd2 d6 7.g3 Nbd7 8.Bg2 O-O
9.Nc3 e5 10.dxe5 Nxe5 11.Nxe5 dxe5 12.Rd1 Qe7 13.Nd5 Nxd5 14.cxd5 Rd8 15.O-O Bf5
16.Qc3 e4 17.Rd4 Rd7 18.Rfd1  1/2-1/2

[Event "5th Paleochora Open"]
[Site "Paleochora GRE"]
[Date "2012.07.22"]
[Round "8.17"]
[White "Neelotpal,D"]
[Black "Theodorou,Nikolas"]
[Result "1-0"]
[WhiteElo "2456"]
[BlackElo "2079"]

1.d4 Nf6 2.c4 e6 3.Nf3 Bb4+ 4.Bd2 Bxd2+ 5.Qxd2 b6 6.g3 Bb7 7.Bg2 O-O 8.O-O d6
9.Qc2 Be4 10.Qb3 Nbd7 11.Nc3 Bb7 12.Qc2 Qe7 13.e4 e5 14.Rfe1 Rad8 15.Rad1 c6
16.b4 g6 17.a4 Kg7 18.Qb2 Ba8 19.h3 Rfe8 20.d5 c5 21.b5 Bb7 22.a5 Ra8 23.Ra1 Reb8
24.Nd2 h6 25.Ra3 Ne8 26.h4 Nef6 27.Rea1 Qd8 28.Nb3 Qf8 29.R1a2 Qe8 30.Qa1 Qd8
31.Nd1 Qf8 32.Ne3 Qd8 33.Bf3 Qe8 34.Nc1 Nf8 35.Nd3 N6d7 36.h5 Nf6 37.hxg6 fxg6
38.Bg2 N8d7 39.f4 Kh7 40.Rf2 Qe7 41.fxe5 Nxe5 42.Nxe5 dxe5 43.Rfa2 bxa5 44.Rxa5 Nh5
45.Nf1 Qg5 46.Qc3 Rf8 47.Rxa7 Rxa7 48.Rxa7 Rf7 49.Ra3 Qe7 50.Bh3 Ng7 51.Qe3 h5
52.Nd2 g5 53.Nf3 Rxf3 54.Qxf3 g4 55.Bxg4 hxg4 56.Qxg4 Qf6 57.Qh4+ Qxh4 58.gxh4 Ne8
59.Ra6 Kg7 60.Rb6 Bc8 61.Rc6 Bd7 62.Rxc5 Kf6 63.b6 Nd6 64.Rc7 Ke7 65.b7  1-0

[Event "23rd Czech Open A"]
[Site "Pardubice CZE"]
[Date "2012.07.23"]
[Round "4.49"]
[White "Ponizil,C"]
[Black "Braeuer,F"]
[Result "1/2-1/2"]
[WhiteElo "2396"]
[BlackElo "2205"]

1.d4 Nf6 2.Nf3 e6 3.c4 Bb4+ 4.Bd2 Qe7 5.e3 b6 6.Bd3 Bb7 7.O-O Bxd2 8.Nbxd2 d6
9.Qc2 Nbd7 10.Ng5 h6 11.Nge4 c5 12.Rad1 O-O 13.b3 Rac8 14.dxc5 dxc5 15.Nf3 Nxe4
16.Bxe4 Bxe4 17.Qxe4 Nf6 18.Qf4 Rfd8 19.h4 Rxd1 20.Rxd1 Rd8 21.Rxd8+ Qxd8
22.g4 h5 23.g5 Ng4 24.Kg2 g6 25.Ne5 Nxe5 26.Qxe5 Kh7 27.Qe4 Qd1 28.Qf3 Qd7
29.Qe2 Qc6+ 30.Qf3 Qd7 31.Qe2 Qc6+ 32.e4 Qd6 33.Qe3 Kg7 34.a4 e5 35.Qf3 Qd4
36.Qf6+ Kg8 37.Qf3 Kg7 38.Qf6+ Kg8 39.Qc6 Kg7 40.Qd5 a5 41.Qc6 Kg8 42.Qd5 Kf8
43.Qc6 Kg8 44.Qd5 Kf8 45.Qc6  1/2-1/2

[Event "23rd Czech Open A"]
[Site "Pardubice CZE"]
[Date "2012.07.23"]
[Round "4.66"]
[White "Gagarin,V"]
[Black "Osmanodja,F"]
[Result "1/2-1/2"]
[WhiteElo "2372"]
[BlackElo "2199"]

1.d4 Nf6 2.c4 e6 3.Nf3 Bb4+ 4.Bd2 a5 5.g3 d5 6.Qc2 c5 7.dxc5 d4 8.Bxb4 axb4
9.Nbd2 Nc6 10.Bg2 O-O 11.O-O e5 12.Ng5 Bg4 13.Nde4 Nxe4 14.Nxe4 Bf5 15.Qd2 Bxe4
16.Bxe4 Qa5 17.a3 Qxc5 18.Bxc6 Qxc6 19.Qxb4 Ra4 20.Qb5 Rxc4 21.Qxe5 Re8 22.Qh5 Rc2
23.Rad1 Qe4  1/2-1/2

[Event "23rd Czech Open A"]
[Site "Pardubice CZE"]
[Date "2012.07.23"]
[Round "4.4"]
[White "Stupak,K"]
[Black "Sipos,I"]
[Result "1/2-1/2"]
[WhiteElo "2512"]
[BlackElo "2463"]

1.d4 Nf6 2.c4 e6 3.Nf3 Bb4+ 4.Bd2 c5 5.g3 O-O 6.Bg2 d6 7.O-O Nc6 8.dxc5 Bxc5
9.Nc3 a6 10.Rc1 h6 11.a3 Ba7 12.b4 Re8 13.h3 d5 14.cxd5 exd5 15.Bf4 Bf5 16.g4 Be4
17.e3 Bh7 18.Qb3 g5 19.Bh2 Qd7 20.Rfd1 Rad8 21.Ne2 Be4 22.Ned4 Nxd4 23.Nxd4 Bxd4
24.Rxd4 Bxg2 25.Kxg2 Rc8 26.Rxc8 Qxc8 27.Qd3 Qe6 28.b5 Rc8 29.bxa6 bxa6 30.Ra4 Rc6
31.Rb4 Kg7 32.Qf5 Qxf5 33.gxf5 Ne4 34.Be5+ f6 35.Rb7+ Kg8 36.Rb8+ Kg7 37.Rb7+ Kg8  1/2-1/2

[Event "27th Avoine Open"]
[Site "Avoine FRA"]
[Date "2012.07.24"]
[Round "4.28"]
[White "Tache,B"]
[Black "Louis,T"]
[Result "1/2-1/2"]
[WhiteElo "1985"]
[BlackElo "2151"]

1.d4 Nf6 2.c4 e6 3.Nf3 Bb4+ 4.Bd2 a5 5.a3 Bxd2+ 6.Qxd2 d6 7.Nc3 Nbd7 8.e3 O-O
9.Rd1 Qe7 10.Be2 b6 11.O-O Bb7 12.Ne1 Rfd8 13.b4 d5 14.c5 Ne4 15.Qc2 Nxc3
16.Qxc3 c6 17.Rb1 axb4 18.axb4 Ra2 19.Nc2 Rda8 20.Ra1 e5 21.Rxa2 Rxa2 22.Re1 bxc5
23.Qb3 Ra8 24.bxc5 Rb8 25.Qa4 Ba8 26.Nb4 exd4 27.exd4 Qe4 28.Qa7 Qe8 29.Nd3 Qd8
30.Bg4 Nf6 31.Ne5 Bb7 32.Nd7 Nxd7 33.Bxd7 Ba8 34.Qxb8 Qxb8 35.Re8+ Qxe8 36.Bxe8 Kf8
37.Bd7 Bb7 38.Kf1 g6 39.Bg4 Ke7 40.Be2 Kf6 41.Bd3 Kg5 42.Ke2 Kf6 43.Ke3 Bc8
44.Bc2 h6 45.Kd2 Ke7 46.Kc3 Kd8 47.f4 Kc7 48.Kb4 Bd7 49.Ka5 Bc8 50.Bd3 Bd7  1/2-1/2

[Event "ch-PHI Grand Final 2012"]
[Site "Boracay PHI"]
[Date "2012.07.25"]
[Round "15.2"]
[White "Nava,R"]
[Black "Salvador,R"]
[Result "0-1"]
[WhiteElo "2397"]
[BlackElo "2484"]

1.d4 Nf6 2.c4 e6 3.Nf3 Bb4+ 4.Bd2 Bxd2+ 5.Nbxd2 d5 6.e3 b6 7.Be2 Nbd7 8.O-O Bb7
9.Rc1 O-O 10.a3 c5 11.cxd5 exd5 12.Re1 Qe7 13.dxc5 bxc5 14.Bf1 Rac8 15.h3 Rfd8
16.Qc2 Nf8 17.g3 Ne6 18.Bg2 Qc7 19.b4 c4 20.Nb1 d4 21.Nxd4 Nxd4 22.exd4 Bxg2
23.Kxg2 Rxd4 24.Qe2 h5 25.Nc3 Rd3 26.Rc2 h4 27.g4 Qc6+ 28.f3 Re8 29.Ne4 Nd5
30.Qf2 Nf4+ 31.Kh2 Nxh3 32.Kxh3 Rxe4 33.Rxe4 Qxe4 34.Kg2 Rxf3  0-1

[Event "23rd Czech Open A"]
[Site "Pardubice CZE"]
[Date "2012.07.26"]
[Round "7.80"]
[White "Chernyshova,N"]
[Black "Haba,P"]
[Result "0-1"]
[WhiteElo "2080"]
[BlackElo "2485"]

1.d4 Nf6 2.c4 e6 3.Nf3 Bb4+ 4.Bd2 a5 5.Nc3 b6 6.e3 Bb7 7.Be2 O-O 8.O-O d6
9.a3 Bxc3 10.Bxc3 Ne4 11.Qc2 f5 12.Nd2 Nxc3 13.Qxc3 Nd7 14.Bf3 Bxf3 15.Nxf3 Qe7
16.Rad1 a4 17.Rfe1 Nf6 18.Nd2 e5 19.dxe5 dxe5 20.e4 f4 21.Nf3 Ra5 22.Qb4 Re8
23.Nd2 Qe6 24.Nb1 Rc5 25.Rc1 f3 26.Re3 fxg2 27.Qxa4 Nh5 28.b4 Rc6 29.Kxg2 Rf8
30.Qc2 Qg4+ 31.Kh1 Rg6 32.Rg3 Nxg3+ 33.fxg3 Rgf6 34.Kg1 Rf3 35.Nc3 Rxg3+
36.hxg3 Qxg3+ 37.Kh1 Rf4 38.Qg2 Rh4+ 39.Kg1 Qe3+ 40.Qf2 Qxc1+  0-1

[Event "Caissa GM July 2012"]
[Site "Kecskemet HUN"]
[Date "2012.07.27"]
[Round "7.4"]
[White "Idani,P"]
[Black "Gupta,B"]
[Result "1-0"]
[WhiteElo "2473"]
[BlackElo "2195"]

1.Nf3 Nf6 2.c4 e6 3.d4 Bb4+ 4.Bd2 Qe7 5.g3 Nc6 6.Nc3 Bxc3 7.Bxc3 Ne4 8.Rc1 Nxc3
9.Rxc3 d6 10.d5 Nb8 11.dxe6 fxe6 12.Bg2 O-O 13.Nd4 a5 14.O-O Na6 15.Qd2 e5
16.Nc2 Nc5 17.Ra3 Be6 18.b3 Bf5 19.Ne3 Bg6 20.Rxa5 Rxa5 21.Qxa5 c6 22.Qd2 Ne4
23.Nd5 Qe6 24.Bxe4 Bxe4 25.Nc3 Bg6 26.Rd1 Qf6 27.Qe3 h5 28.h4 Bh7 29.f3 Qe6
30.Kg2 Rf6 31.Ne4 Bxe4 32.Qxe4 Rf8 33.Qd3 Rd8 34.e4 Kf7 35.Qe3 Rd7 36.a4 d5
37.exd5 cxd5 38.Qd3 d4 39.Re1 Re7 40.Qe4 Qb6 41.Qf5+ Kg8 42.Rxe5 Rxe5 43.Qxe5 Qxb3
44.Qe8+ Kh7 45.Qxh5+ Kg8 46.Qd5+ Kh7 47.Qxd4 Qxa4 48.Kh3 Kh8 49.Qd8+ Kh7
50.Qd5 Kh8 51.h5 Qe8 52.Qxb7 Qe6+ 53.g4 Qxc4 54.Qa8+  1-0

[Event "TCh-CRC Premier 2012"]
[Site "San Jose CRC"]
[Date "2012.07.27"]
[Round "6.4"]
[White "Minero Pineda,C"]
[Black "Chaves Villalobos,D"]
[Result "0-1"]
[WhiteElo "2023"]
[BlackElo "1989"]

1.Nf3 e6 2.d4 Nf6 3.c4 Bb4+ 4.Bd2 Qe7 5.Nc3 Bxc3 6.Bxc3 Ne4 7.g3 Nxc3 8.bxc3 b6
9.Bg2 Bb7 10.O-O c5 11.Re1 d6 12.e4 e5 13.Qa4+ Qd7 14.Qc2 Nc6 15.Rad1 Qc7
16.d5 Na5 17.Nd2 Bc8 18.Nf1 O-O 19.Ne3 g6 20.f4 f6 21.Rf1 Bd7 22.Rf2 exf4
23.gxf4 Rae8 24.Qd3 a6 25.Rb1 Re7 26.f5 g5 27.Kh1 h5 28.h4 Qd8 29.Rg1 Kh8
30.hxg5 fxg5 31.Bf1 Rg7 32.Rh2 Be8 33.Be2 Rh7 34.Rhg2 Rg8 35.Nf1 g4 36.Qe3 Qh4+
37.Rh2 Qg5 38.Qxg5 Rxg5 39.Rh4 Kg7 40.Ne3 Kg8 41.Kg2 Rgg7 42.Rf1 Rh8 43.f6 Rg6
44.Rf5 Rgh6 45.Rg5+ Kf8 46.Rf5 Bg6 47.Rg5 Bxe4+ 48.Kg3 Bg6 49.Rh1 Kf7 50.Rf1 Re8
51.Nxg4 hxg4 52.Bxg4 Re3+ 53.Kf4 Nxc4 54.Be6+ Kf8  0-1

[Event "27th Avoine Open"]
[Site "Avoine FRA"]
[Date "2012.07.28"]
[Round "8.31"]
[White "De Lussac,Rainier"]
[Black "Louis,T"]
[Result "0-1"]
[WhiteElo "1655"]
[BlackElo "2151"]

1.d4 Nf6 2.c4 e6 3.Nf3 Bb4+ 4.Bd2 a5 5.e3 d6 6.Bd3 Nbd7 7.O-O e5 8.Bxb4 axb4
9.Nbd2 O-O 10.Qc2 b6 11.Rfd1 Qe7 12.Ne4 Bb7 13.Nxf6+ Nxf6 14.Be2 Ne4 15.Nd2 exd4
16.exd4 Ng5 17.Re1 Rfe8 18.h4 Ne6 19.Bf3 Nxd4 20.Rxe7 Nxc2 21.Rxe8+ Rxe8
22.Rc1 Bxf3 23.Nxf3 b3 24.axb3 Nb4 25.Nd4 g6 26.Kf1 Nd3 27.Rb1 Re4 28.Nb5 Rxh4
29.Ke2 Nf4+ 30.Kf3 Ne6 31.Ra1 Rh5 32.Ra7 Rc5 33.Ke3 h5 34.g3 Re5+ 35.Kf3 Rf5+
36.Ke3 Re5+ 37.Kf3 Rc5 38.Ke3 d5 39.Kd3 dxc4+ 40.bxc4 Rf5 41.Ke3 Rc5 42.Kd3 g5
43.b4 Rf5 44.Ke2 c5 45.bxc5 bxc5 46.Nd6 Nd4+ 47.Kf1 Rf3 48.Ne4 g4 49.Nxc5 Rc3
50.Ne4 Rc1+ 51.Kg2 Nf3 52.Nf6+ Kg7 53.Nxh5+ Kh6  0-1

[Event "Politiken Cup 2012"]
[Site "Helsingor DEN"]
[Date "2012.07.28"]
[Round "1.95"]
[White "Bue,G"]
[Black "Eriksson,K"]
[Result "0-1"]
[WhiteElo "1677"]
[BlackElo "2082"]

1.d4 Nf6 2.c4 e6 3.Nf3 Bb4+ 4.Bd2 a5 5.e3 O-O 6.Bd3 d6 7.O-O Bxd2 8.Qxd2 Nc6
9.a3 e5 10.Qc2 Bg4 11.Nbd2 Qe7 12.d5 Nb8 13.Ng5 h6 14.Nge4 Nxe4 15.Nxe4 f5
16.Ng3 e4 17.Be2 Bxe2 18.Nxe2 Nd7 19.Nf4 Ne5 20.Ne6 Rf7 21.b4 Qh4 22.h3 g5
23.f3 exf3 24.gxf3 Qxh3 25.Qg2 Qxg2+ 26.Kxg2 Nxc4 27.Rfe1 axb4  0-1

[Event "23rd Czech Open A"]
[Site "Pardubice CZE"]
[Date "2012.07.28"]
[Round "9.20"]
[White "Schlosser,P"]
[Black "Zorko,Ju"]
[Result "0-1"]
[WhiteElo "2596"]
[BlackElo "2476"]

1.d4 Nf6 2.c4 e6 3.Nf3 Bb4+ 4.Bd2 a5 5.g3 b6 6.Bg2 Bb7 7.O-O O-O 8.Bf4 Be7
9.Re1 Qc8 10.Qc2 Be4 11.Qd2 Bb4 12.Nc3 d6 13.Red1 Nbd7 14.Qc1 Bxc3 15.Qxc3 Re8
16.Bh3 Qa6 17.Ne5 Nf8 18.Nd3 h6 19.f3 Bxd3 20.Rxd3 Ng6 21.Be3 e5 22.Rd2 d5
23.b3 c5 24.dxe5 d4 25.Rxd4 cxd4 26.Bxd4 Nh7 27.f4 Rad8 28.e3 Ne7 29.Rf1 Nc6
30.Bg2 Rc8 31.a4 Qa7 32.Bd5 Nf8 33.Kg2 Qc7 34.Qd2 Rcd8 35.g4 Nb4 36.e4 Ne6
37.Be3 Nc5 38.Qf2 Rb8 39.Rb1 Ncd3 40.Qg3 g5 41.fxg5 Nxd5 42.exd5 Qxe5 43.Qxe5 Rxe5
44.Kf3 hxg5 45.Bd4 Re1 46.Rxe1 Nxe1+ 47.Ke4 Re8+ 48.Kf5 Nf3 49.Bf6 Re3 50.d6 Rd3
51.Be7 Nd2 52.Ke5 Nxb3 53.Bxg5 Nc5  0-1